Statistics for World Capitals with the Coldest Winters

Click here to take the quiz!

General Stats

  • This quiz has been taken 278 times
  • The average score is 14 of 18

Answer Stats

°CCapital% Correct
-5.7Helsinki
98%
-6.7Moscow
98%
-2.9Oslo
96%
-2.5Stockholm
93%
-10.2Ottawa
92%
-21.6Ulaanbaatar
85%
-3.0Riga
81%
-3.5Kiev
80%
-4.3Tallinn
80%
-4.5Minsk
78%
-3.1Beijing
77%
-14.2Astana
74%
-4.1Vilnius
74%
-6.0Pyongyang
70%
-2.5Seoul
68%
-2.6Bishkek
56%
-3.6Yerevan
39%
-1.9Chișinău
38%

Score Distribution

Percentile by Number Answered

Percent of People with Each Score

Your Score History

You have not taken this quiz